Rapport du groupe de haut niveau sur l'avenir de la politique sociale dans une Union européenne élargie (Registro nro. 19080)
[ vista simple ]
| 000 -CABECERA | |
|---|---|
| Longitud fija campo de control | 01420nam a2200361 c 4500 |
| 001 - NÚMERO DE CONTROL | |
| Número de control | 19080 |
| 003 - IDENTIFICADOR DE NÚMERO DE CONTROL | |
| Identificador del número de control | ES-MaCES |
| 005 - FECHA Y HORA DE LA ÚLTIMA TRANSACCIÓN | |
| Fecha y hora de la última transacción | 20150929135500.0 |
| 008 - CAMPO FIJO DE DESCRIPCIÓN FIJA--INFORMACIÓN GENERAL | |
| Códigos de información de longitud fija | 060718s2004 lu d t m000 | fre d |
| 020 ## - ISBN (INTERNATIONAL STANDARD BOOK NUMBER) | |
| Número Internacional Normalizado para Libros (ISBN) | 928947985X |
| 035 ## - NÚMERO DE CONTROL DEL SISTEMA | |
| Número de control del sistema | CES20060008895m |
| 040 ## - FUENTE DE CATALOGACIÓN | |
| Centro catalogador de origen | ES-MaCES |
| Lengua de catalogación | spa |
| Centro transcriptor | ES-MaCES |
| 245 00 - MENCIÓN DE TÍTULO | |
| Título | Rapport du groupe de haut niveau sur l'avenir de la politique sociale dans une Union européenne élargie |
| Mención de responsabilidad, etc. | Commission européenne, Direction générale de l'emploi et des affaires sociales, Unité 01 |
| 260 ## - PUBLICACIÓN, DISTRIBUCIÓN, ETC (PIE DE IMPRENTA) | |
| Lugar de publicación, distribución, etc. | Luxembourg |
| Nombre del editor, distribuidor, etc. | Office des publications officielles des Communautés européennes |
| Fecha de publicación, distribución, etc. | 2004 |
| 300 ## - DESCRIPCIÓN FÍSICA | |
| Extensión | 69 p. |
| Otras características físicas | gráf. col. |
| Dimensiones | 30 cm |
| 490 1# - MENCIÓN DE SERIE | |
| Mención de serie | Empleo y asuntos sociales |
| 541 ## - NOTA DE LA FUENTE INMEDIANTE DE ADQUISICIÓN | |
| Forma de adquisición | Suscripción conjunta |
| 650 #4 - ASIENTO SECUNDARIO DE MATERIA--TÉRMINO DE MATERIA | |
| Término de materia o nombre geográfico como elemento inicial | política social |
| 9 (RLIN) | 27029 |
| 650 #4 - ASIENTO SECUNDARIO DE MATERIA--TÉRMINO DE MATERIA | |
| Término de materia o nombre geográfico como elemento inicial | protección social |
| 9 (RLIN) | 29076 |
| 650 #4 - ASIENTO SECUNDARIO DE MATERIA--TÉRMINO DE MATERIA | |
| Término de materia o nombre geográfico como elemento inicial | integración social |
| 9 (RLIN) | 27283 |
| 650 #4 - ASIENTO SECUNDARIO DE MATERIA--TÉRMINO DE MATERIA | |
| Término de materia o nombre geográfico como elemento inicial | adhesión de miembros |
| 9 (RLIN) | 30972 |
| 650 #4 - ASIENTO SECUNDARIO DE MATERIA--TÉRMINO DE MATERIA | |
| Término de materia o nombre geográfico como elemento inicial | informe |
| 9 (RLIN) | 28986 |
| 653 10 - TÉRMINO DE INDEXACIÓN--NO CONTROLADO | |
| Término no controlado | Asuntos Sociales |
| 650 #4 - ASIENTO SECUNDARIO DE MATERIA--TÉRMINO DE MATERIA | |
| 9 (RLIN) | 28300 |
| Término de materia o nombre geográfico como elemento inicial | política de empleo |
| 650 #4 - ASIENTO SECUNDARIO DE MATERIA--TÉRMINO DE MATERIA | |
| 9 (RLIN) | 29020 |
| Término de materia o nombre geográfico como elemento inicial | país de la UE |
| 650 #4 - ASIENTO SECUNDARIO DE MATERIA--TÉRMINO DE MATERIA | |
| 9 (RLIN) | 26752 |
| Término de materia o nombre geográfico como elemento inicial | UE |
| 710 2# - ENCABEZAMIENTO SECUNDARIO--NOMBRE CORPORATIVO | |
| Nombre de entidad o nombre de jurisdicción como elemento inicial | Comisión de las Comunidades Europeas |
| Unidad subordinada | Dirección General de Empleo y Asuntos Sociales |
| 9 (RLIN) | 2049 |
| 740 02 - ENCABEZAMIENTO SECUNDARIO--TÍTULO ANALÍTICO/RELACIONADO NO CONTROLADO | |
| Título relacionado o analítico no controlado | Politique sociale de la Communauté : situation au 1er janvier 1996 |
| 830 #0 - ENCABEZAMIENTO SECUNDARIO DE COLECCIÓN--TÍTULO UNIFORME | |
| Título uniforme | Empleo y asuntos sociales |
| 9 (RLIN) | 33336 |
| 902 ## - CES. TIPO DE DOCUMENTO | |
| Tipodoc (006$c Sirtex) | DOC Literatura gris |
| 942 ## - ELEMENTOS KOHA | |
| Fuente de clasificaión o esquema | Clasificación propia del CES |
| Koha [por defecto] tipo de item | Monografías |
| Parte de clasificación | 3.3. |
| Número de registro | Signatura completa | Tipo de item de Koha |
|---|---|---|
| 065319 | DOC-3.3.-413 | Monografías |
